Ekonomika Ukrainy Politiko-ekonomičeskij žurnal Ministerstva ekonomiki Ukrainy, Ministerstva finansov Ukrajiny i Akademii nauk Ukrajiny
Na minha lista:
| Formato: | Periódico |
|---|---|
| Idioma: | russo |
| Publicado em: |
Kijev
Presa Ukrajiny
1993
|
| Assuntos: | |
| Tags: |
Sem tags, seja o primeiro a adicionar uma tag!
|
MARC
| LEADER | 00000nas2a2200000 4500 | ||
|---|---|---|---|
| 001 | s013668 | ||
| 005 | 20240109095451.4 | ||
| 022 | |a 0131-7741 | ||
| 041 | 0 | |a rus | |
| 044 | |a UA | ||
| 245 | 1 | 0 | |a Ekonomika Ukrainy |b Politiko-ekonomičeskij žurnal Ministerstva ekonomiki Ukrainy, Ministerstva finansov Ukrajiny i Akademii nauk Ukrajiny |
| 264 | 1 | |a Kijev |b Presa Ukrajiny |c 1993 | |
| 300 | |a 2 zv. | ||
| 773 | 0 | |w eu_un_cat*s120162 | |
| 610 | 2 | 0 | |a rozvoj hospodársky |
| 610 | 2 | 0 | |a politika hospodárska |
| 610 | 2 | 0 | |a riadenie hospodárske |
| 610 | 2 | 0 | |a plánovanie hospodárske |